00942nam a2200193 a 450000100100000000500170001000800410002702000150006804000250008310000380010824502310014626000750037730000400045249000470049250000350053983000520057495201050062699900170073100003984120201002033750.0130725s1992 sp 000 0 spa d a8400072316 aDO-SdBNPbspacBNPHU1 aGonzález Valle, JoséV.96602913aLa tradición del canto litúrgico de la pasión en España :bestudio sobre las composiciones monódicas y polifónicas del "cantus passionis" en las catedrales de Aragón y Castilla /cJosé-Vicente González Valle. aBarcelona :bConsejo Superior de Investigaciones Científicas,c1992. a238 p. :bfacsims., music ;c32 cm.1 aMonumentos de la música española ;v49 aBibliografía : (p. 119-121). 0aMonumentos de la música españolav49965588 001050718MOaGRbGRcCTd2013-07-25iLF1l0o p39841-10r2020-06-25w2020-06-25y1ZNo se presta c39331d39331